00508nam a2200181 a 4500001001300000003000900013005001700022008004100039020002300080082001700103100002200120245006800142260002500210300000900235500003500244650002500279700002200304nice12345678IN_TiNIC20260116014929.0100209s2002 lona grp 000 0 eng  a9780281055074c10000a201.615bRED aRedgrave, Kenneth aAnxious Christiansb Psychological Problems and Christian Faith aLondon bSPCK c2002 a179p aincludes index and biblioraphy aPsychology-Religious1 aRedgrave, Kenneth